| 000 | 01419cam a22003737a 4500 | ||
|---|---|---|---|
| 003 | CHAP | ||
| 005 | 20220329142915.0 | ||
| 008 | 050201d2002 mx r 00110 spa d | ||
| 010 | _a89502 | ||
| 011 | _a90474 | ||
| 020 | _a970-720-047-2 | ||
| 020 | _a9707200499 | ||
| 035 | _a101030 | ||
| 040 | _cCHAP | ||
| 090 | _aFolleto 16768 | ||
| 110 | 2 |
_aMéxico. Presidente, 2000-2006 (Fox Quesada) _977100 |
|
| 245 | 1 | 0 |
_aInforme de gobierno (2o) : _c/por Presidencia de la República |
| 260 |
_aMéxico, D. F. : _bPresidencia de la República, _c2002. |
||
| 300 | _av. | ||
| 500 | _aLa biblioteca tiene : v.1 Resumen ejecutivo.- - v.2 Mensaje del Presidente de la República Vicente Fox Quesada | ||
| 590 |
_aBATCH-UPD _b10 _c20130110 _lUCH01 _h1808 |
||
| 590 |
_aBATCH-UPD _b10 _c20130410 _lUCH01 _h1143 |
||
| 590 |
_aBATCH-UPD _b10 _c20130914 _lUCH01 _h1825 |
||
| 590 |
_aBATCH-UPD _b10 _c20161124 _lUCH01 _h1712 |
||
| 590 |
_aCONVERSION _b10 _c20130109 _lUCH01 _h1350 |
||
| 651 | 4 |
_aMéxico _xPolítica y gobierno. _976783 |
|
| 901 | _aBK | ||
| 905 | _aLilia | ||
| 942 | _cFOLL | ||
| 949 |
_aFolleto 16768 (2002) _bBC _cFOLL _d33724002000959 _eTS2 _fv.2 c.2 _i101030 _sb |
||
| 949 |
_aFolleto 16768 (2002) _bBC _cFOLL _d33724002000991 _eTS2 _fv.2 _i101030 _sb |
||
| 949 |
_aFolleto 16768 (2002) _bBC _cFOLL _d33724002001033 _eTS2 _fv.1 c.2 _i101030 _sb |
||
| 949 |
_aFolleto 16768 (2002) _bBC _cFOLL _d33724002001074 _eTS1 _fv.1 _i101030 _sb |
||
| 999 |
_c89502 _d89502 |
||